Operations Management (Record no. 3506)

MARC details
000 -LEADER
fixed length control field 00388nam a22001697a 4500
005 - DATE AND TIME OF LATEST TRANSACTION
control field 20160622111745.0
008 - FIXED-LENGTH DATA ELEMENTS--GENERAL INFORMATION
fixed length control field 160622b xxu||||| |||| 00| 0 eng d
020 ## - INTERNATIONAL STANDARD BOOK NUMBER
ISBN 978-0-07-060448-3
041 ## - LANGUAGE CODE
Language code of text/sound track or separate title eng
082 ## - DEWEY DECIMAL CLASSIFICATION NUMBER
Item number 8945
100 ## - MAIN ENTRY--AUTHOR NAME
Personal name Chase, Richard Band others
245 ## - TITLE STATEMENT
Title Operations Management
260 ## - PUBLICATION, DISTRIBUTION, ETC. (IMPRINT)
Name of publisher TMH
300 ## - PHYSICAL DESCRIPTION
Number of Pages 800
650 ## - SUBJECT ADDED ENTRY--TOPICAL TERM
Topical Term Management
942 ## - ADDED ENTRY ELEMENTS (KOHA)
Koha item type Books
Holdings
Lost status Damaged status Collection code Home library Current library Shelving location Date acquired Full call number Accession Number Koha item type
    MANAGEMENT JRU Library   SHELF- 68 B 22/06/2016 8945 8945 Books
    MANAGEMENT JRU Library JRU Library SHELF- 68 B 22/06/2016 8945 8946 Books
    MANAGEMENT JRU Library   SHELF- 68 B 22/06/2016 8945 8947 Books
    MANAGEMENT JRU Library   SHELF- 68 B 22/06/2016 8945 8948 Books
    Reference JRU Library   SHELF-28-E 22/06/2016 8945 8949 Books